[Event "Buenos Aires"]
[Site "Buenos Aires"]
[Date "1988.??.??"]
[Round "?"]
[White "Paglilla, Carlos"]
[Black "Giardelli, Sergio C"]
[Result "1/2-1/2"]
[WhiteElo "2315"]
[BlackElo "2380"]

1.e4 c5 2.Nf3 e6 3.d4 cxd4 4.Nxd4 a6 5.Nc3 Qc7 6.Bd3 Nc6 7.Be3 b5 8.Nxc6 Qxc6
9.O-O Bb7 10.f3 Nf6 11.Qe2 Bb4 12.a4 bxa4 13.Nxa4 O-O 14.c3 Be7 15.e5 Nd5
16.Be4 Qc7 17.Bxd5 Bxd5 18.Nb6 Qxe5 19.Nxa8 Rxa8 20.Qd3 a5 21.Bf2 Qc7 22.Rfd1 a4
23.c4 Bc6 24.b3 h6 25.bxa4 Rxa4 26.Rxa4 Bxa4 27.Ra1 Bc6 28.c5 Qe5 29.Qd4 Qg5
30.Qe3 Qd5 31.Rb1 f5 32.Qd4 Qa2 33.Qb2 Qd5 34.Qd4 Qa2 35.Qb2 Qd5 36.Qc2 Qe5
37.Re1 Qf4 38.Qd3 Qb4 39.Rb1 Qa5 40.Qc2 Bf6 41.Be3 Kf7 42.Qc4 Be7 43.Bd4 Qd2
44.Kh1 g5 45.h3 h5 46.Qb4 Qd3 47.Qb2 g4 48.Bh8 e5 49.hxg4 hxg4 50.Re1 Bh4
51.Qxe5 Bxe1 52.Qg7+ Ke8 53.Qg8+ Ke7 54.Qg7+ Ke8  1/2-1/2

[Event "Calcutta"]
[Site "Calcutta"]
[Date "1988.??.??"]
[Round "?"]
[White "Barua, Dibyendu"]
[Black "Mishra, Neeraj Kumar"]
[Result "1/2-1/2"]
[WhiteElo "2480"]
[BlackElo "2335"]

1.e4 c5 2.Nf3 e6 3.Nc3 a6 4.d4 cxd4 5.Nxd4 Nc6 6.Be2 Nge7 7.O-O Nxd4 8.Qxd4 Nc6
9.Qd3 b5 10.Qg3 Bb7 11.a3 Rc8 12.Bf4 Na5 13.Bd3 Nc4 14.Nd1 g6 15.b3 Na5 16.Ne3 Bg7
17.Rad1 O-O 18.Bd6 Re8 19.Qh3 f5 20.exf5 Rc6 21.Bb4 exf5 22.Nd5 Rc8 23.Ne3 Rc6
24.Nxf5 gxf5 25.Bxf5 Rh6 26.Rxd7 Qf6 27.Qg3 Bc8 28.Rd6 Qxd6 29.Bxd6 Bxf5
30.Qg5 Bc8 31.Bg3 Rg6 32.Qc5 Nc6 33.Rd1 Bf8 34.Qc3 Bg7 35.Qc5 Bf8 36.Qc3 Bg7  1/2-1/2

[Event "Caorle op"]
[Site "Caorle"]
[Date "1988.??.??"]
[Round "2"]
[White "Pieri, Filippo"]
[Black "Huss, B."]
[Result "1-0"]
[WhiteElo "2005"]
[BlackElo "2090"]

1.e4 c5 2.Nf3 e6 3.d4 cxd4 4.Nxd4 a6 5.Nc3 Qc7 6.f4 d6 7.Be3 b5 8.Be2 Bb7
9.O-O Nf6 10.Bf3 Be7 11.e5 dxe5 12.fxe5 Nfd7 13.Bxb7 Qxb7 14.Qg4 g6 15.Rxf7 Kxf7
16.Qxe6+ Ke8 17.Nd5 Nc5 18.Nf6+ Kd8 19.Qf7 Rf8 20.Ne6+ Nxe6 21.Rd1+ Nd7 22.Qxe6 Bxf6
23.exf6 a5 24.f7 Rxf7 25.Qxf7 Ra6 26.Bg5+  1-0

[Event "Caorle op"]
[Site "Caorle"]
[Date "1988.??.??"]
[Round "5"]
[White "Krivokapic, Ratko"]
[Black "Sader, Michael"]
[Result "0-1"]
[WhiteElo "2000"]
[BlackElo "2170"]

1.e4 c5 2.Nf3 e6 3.d4 cxd4 4.Nxd4 a6 5.Nc3 Qc7 6.g3 b5 7.Bg2 Bb7 8.O-O d6
9.Re1 Nf6 10.f4 Be7 11.a3 Nc6 12.Be3 Rc8 13.Nb3 O-O 14.g4 Nd7 15.g5 Nb6 16.f5 Nc4
17.f6 gxf6 18.gxf6 Bxf6 19.Bh6 Kh8 20.Bxf8 Rxf8 21.Kh1 Qe7 22.Qh5 Rg8 23.Rg1 Rg5
24.Qh3 N6e5 25.Raf1 Nxb2 26.Rf4 Ng6 27.Rf2 Be5 28.Rgf1 f6 29.Nd2 Bd4 30.Rf3 Nc4
31.Nxc4 bxc4 32.Rg3 Rxg3 33.Qxg3 Be5 34.Qe3 Nh4 35.Ne2 Nxg2 36.Kxg2 f5 37.Rb1 Bxe4+
38.Kf1 d5 39.Rb6 f4 40.Qh3 Bf5 41.Qh6 Qg7 42.Qh4 f3 43.Ng3 h6 44.Rxa6 Bxc2
45.Rxe6 Bd3+ 46.Ke1 f2+ 47.Kd2 f1=N+ 48.Kd1 Ne3+ 49.Kd2 Nf5 50.Qd8+ Kh7  0-1

[Event "Caorle op"]
[Site "Caorle"]
[Date "1988.??.??"]
[Round "7"]
[White "Tamai, Roberto"]
[Black "Sader, Michael"]
[Result "1-0"]
[WhiteElo "2155"]
[BlackElo "2170"]

1.e4 c5 2.Nf3 e6 3.d4 cxd4 4.Nxd4 a6 5.Nc3 Qc7 6.g3 b5 7.Bg2 Bb7 8.O-O d6
9.a3 Nf6 10.g4 h6 11.h4 Nc6 12.Nxc6 Bxc6 13.Bf4 Be7 14.Qe2 e5 15.Bg3 Qd7
16.Bf3 Qb7 17.Rad1 b4 18.axb4 Qxb4 19.g5 hxg5 20.hxg5 Nh7 21.g6 fxg6 22.Nd5 Bxd5
23.Rxd5 Nf6 24.c3 Qb6 25.Rd3 Nh5 26.Bg4 Bg5 27.Rfd1 Rd8 28.b4 Ke7 29.Qa2 Nxg3
30.Qe6+ Kf8 31.Rxg3 Rh6 32.Rgd3 Be7 33.Be2 g5 34.Rf3+ Rf6 35.Rxf6+  1-0

[Event "COL-ch"]
[Site "?"]
[Date "1988.??.??"]
[Round "7"]
[White "Gonzales, S."]
[Black "Zapata, Alonso"]
[Result "0-1"]
[WhiteElo "2305"]
[BlackElo "2500"]

1.e4 c5 2.Nf3 e6 3.d4 cxd4 4.Nxd4 a6 5.Nc3 Qc7 6.Be2 b5 7.O-O Bb7 8.Bf3 Nc6
9.Nxc6 dxc6 10.e5 Qxe5 11.Re1 Qc7 12.Bh5 Nf6 13.Rxe6+ Be7 14.Qe2 Nxh5 15.Qxh5 g6
16.Qe5 Qxe5 17.Rxe5 f6 18.Re2 Kf7 19.Bf4 Rhe8 20.Rd1 Rad8 21.Red2 Rxd2 22.Rxd2 Bc8
23.h3 f5 24.Ne2 Bf6 25.c3 Be6 26.Nd4 Bd5 27.f3 Re1+ 28.Kf2 Rb1 29.a3 h5 30.g3 h4
31.Ne2 g5 32.Bc7 g4 33.fxg4 fxg4 34.gxh4 Bxh4+ 35.Bg3 gxh3 36.Bxh4 h2 37.Ng3 Rg1
38.Nh1 Bxh1 39.Ke3 Bg2  0-1

[Event "COL-ch"]
[Site "?"]
[Date "1988.??.??"]
[Round "12"]
[White "Gutierrez, Jose Antonio"]
[Black "Baquero, Luis A"]
[Result "0-1"]
[WhiteElo "2330"]
[BlackElo "2290"]

1.e4 c5 2.Nf3 e6 3.d4 cxd4 4.Nxd4 a6 5.Nc3 Qc7 6.Be2 Nc6 7.O-O Nf6 8.Be3 Bb4
9.Na4 Be7 10.Nxc6 bxc6 11.Bd3 c5 12.c4 Bb7 13.Nc3 O-O 14.f4 g6 15.Qf3 Ne8
16.f5 exf5 17.Bh6 Ng7 18.Qh3 fxe4 19.Bxe4 Bxe4 20.Nxe4 f5 21.Nc3 Qd8 22.Nd5 Bf6
23.Rae1 Rf7 24.Bxg7 Bxg7 25.Re2 Qg5 26.Qf3 Rb8 27.b3 d6 28.Rfe1 Be5 29.Rxe5 dxe5
30.Rxe5 Qg4 31.Qe3 Qd4 32.Ne7+ Kf8 33.Qxd4 cxd4 34.Nc6 Re8 35.Rd5 Re2 36.Nxd4 Rxa2
37.c5 Re7 38.Kf1 Re3 39.c6 Rc3 40.Rc5 Rxc5 41.Ne6+ Ke7 42.Nxc5 Kd6  0-1

[Event "Copenhagen op"]
[Site "Copenhagen"]
[Date "1988.??.??"]
[Round "?"]
[White "Hansen, Soren Bech"]
[Black "Plachetka, Jan"]
[Result "1/2-1/2"]
[WhiteElo "2255"]
[BlackElo "2415"]

1.e4 c5 2.Nf3 e6 3.Nc3 a6 4.d4 cxd4 5.Nxd4 d6 6.Be3 Nf6 7.f4 Qc7 8.Bd3 Nbd7
9.Qf3 b5 10.g4 Nc5 11.g5 Nfd7 12.h4 Bb7 13.a3 O-O-O 14.O-O-O Kb8 15.Kb1 Nb6
16.Rhe1 g6 17.Qf2 d5 18.e5 Be7 19.Nb3 Rc8 20.Nxc5 Bxc5 21.Bxc5 Qxc5 22.Qxc5 Rxc5
23.Ne2 h6 24.Nd4 hxg5 25.hxg5 Rh4 26.Rh1 Rxf4 27.Bxg6 Nd7 28.Bxf7 Rxf7 29.g6 Rg7
30.Rh7 Rxg6 31.Rxd7 Bc8 32.Re7 Rc7 33.Rxc7 Kxc7 34.Rf1 Rg5 35.Rf7+ Kb6 36.Nf3  1/2-1/2

[Event "Copenhagen op"]
[Site "Copenhagen"]
[Date "1988.??.??"]
[Round "?"]
[White "Horvath, Tamas"]
[Black "Kruszynski, Wlodzimierz"]
[Result "0-1"]
[WhiteElo "2415"]
[BlackElo "2335"]

1.e4 c5 2.Nf3 e6 3.Nc3 a6 4.d4 cxd4 5.Nxd4 Nc6 6.f4 Qc7 7.Be3 b5 8.a3 Bb7
9.Nf3 d6 10.Bd3 Nf6 11.O-O Be7 12.Qe1 O-O 13.Qg3 b4 14.axb4 Nxb4 15.Bd4 Nc6
16.Bxf6 Bxf6 17.e5 dxe5 18.Ne4 Be7 19.fxe5 Nb4 20.Rae1 Nxd3 21.cxd3 Bxe4
22.Rxe4 Qc2 23.Ng5 Rad8 24.Rc4 Qxd3 25.Qxd3 Rxd3 26.Nf3 Rb3 27.Ra1 Ra8 28.Rc2 Rb5
29.Rac1 Rd8 30.Rc7 Kf8 31.R1c2 f6 32.R7c6 fxe5 33.Rxe6 Bf6 34.Re2 Re8 35.Rd6 a5
36.g4 h6 37.Kg2 Reb8 38.Rdd2 a4 39.h4 Rb4 40.Kg3 e4 41.Ne1 Be5+ 42.Kf2 e3+  0-1

[Event "Copenhagen AS04"]
[Site "Copenhagen"]
[Date "1988.??.??"]
[Round "?"]
[White "Bjerring, Kai"]
[Black "Eingorn, Vereslav S"]
[Result "1/2-1/2"]
[WhiteElo "2345"]
[BlackElo "2560"]

1.e4 c5 2.Nf3 e6 3.d4 cxd4 4.Nxd4 a6 5.Nc3 Qc7 6.g3 Nf6 7.Bg2 Be7 8.O-O d6
9.a4 Nc6 10.Nb3 b6 11.g4 Bb7 12.g5 Nd7 13.f4 O-O 14.Qh5 Rfe8 15.f5 Nde5 16.Qh3 Bc8
17.f6 Bf8 18.fxg7 Bxg7 19.Qh5 Bb7 20.Be3 Ne7 21.Rf2 N7g6 22.Raf1 Re7 23.Bd4 Bc6
24.Qh3 b5 25.axb5 Bxb5 26.Nxb5 axb5 27.Qg3 Kh8 28.h4 Rg8 29.h5  1/2-1/2

[Event "Dieren op"]
[Site "Dieren"]
[Date "1988.??.??"]
[Round "7"]
[White "Timmerman, Gert J"]
[Black "Thesing, Matthias"]
[Result "0-1"]
[WhiteElo "2295"]
[BlackElo "2345"]

1.e4 c5 2.Nf3 e6 3.d4 cxd4 4.Nxd4 a6 5.Nc3 d6 6.Bc4 b5 7.Bb3 Bb7 8.Qf3 Nd7
9.O-O Nc5 10.Re1 Nxb3 11.axb3 Nf6 12.Nd5 Nxd5 13.exd5 Be7 14.c4 O-O 15.Qg4 e5
16.Nf5 Bf6 17.cxb5 axb5 18.Rxa8 Qxa8 19.Nxg7 Kh8 20.Nh5 Rg8 21.Qf5 Bd8 22.Nf6 Rg6
23.Nxh7 Bxd5 24.Ng5 Bxg5 25.Bxg5 Bxg2 26.h4 Bh1 27.Qh3 Bd5 28.Kh2 Kg7 29.Rg1 Qa7
30.Qg3 Kh7 31.h5 Rxg5 32.Qxg5 Qxf2+ 33.Kh3 Be6+ 34.Rg4 Qf3+ 35.Kh4 Qxg4+
36.Qxg4 Bxg4 37.Kxg4 Kh6 38.Kf5 Kxh5 39.Kf6 e4 40.Kf5  0-1

[Event "Dortmund op"]
[Site "Dortmund"]
[Date "1988.??.??"]
[Round "?"]
[White "Prandstetter, Eduard"]
[Black "Kirov, Nino"]
[Result "1/2-1/2"]
[WhiteElo "2395"]
[BlackElo "2470"]

1.e4 c5 2.Nf3 e6 3.d4 cxd4 4.Nxd4 a6 5.Nc3 Qc7 6.Bd3 Nc6 7.Nxc6 bxc6 8.O-O Nf6
9.Qe2 e5 10.Kh1 d6  1/2-1/2

[Event "Dortmund-B"]
[Site "Dortmund"]
[Date "1988.??.??"]
[Round "?"]
[White "Tolnai, Tibor"]
[Black "Konikowski, Jerzy"]
[Result "1-0"]
[WhiteElo "2465"]
[BlackElo "2390"]

1.e4 c5 2.Nf3 e6 3.d4 cxd4 4.Nxd4 a6 5.Nc3 Qc7 6.Bd3 Nf6 7.Bg5 Be7 8.f4 h6
9.Bxf6 Bxf6 10.e5 Be7 11.Qg4 g5 12.Ne4 Nc6 13.Nxc6 dxc6 14.O-O-O h5 15.Qg3 h4
16.Qg4 gxf4 17.Qxf4 f5 18.Nd6+ Bxd6 19.exd6 Qg7 20.Rhe1 Rh5 21.Kb1 Bd7 22.Bc4 Kf7
23.Re5 Qg5 24.Qf2 b5 25.Bb3 a5 26.Rde1 Rh6 27.Rxf5+ Rf6 28.Ree5 Rxf5 29.Bxe6+  1-0

[Event "Eppingen BM"]
[Site "Eppingen"]
[Date "1988.??.??"]
[Round "?"]
[White "Heim, Bernhard"]
[Black "Raupp, Thomas"]
[Result "1/2-1/2"]
[WhiteElo "2260"]
[BlackElo "2295"]

1.e4 c5 2.Nf3 e6 3.d4 cxd4 4.Nxd4 a6 5.Nc3 Qc7 6.Be2 b5 7.f4 Bb7 8.Bf3 Nc6
9.Nb3 d6 10.O-O Nf6 11.Qe2 Be7 12.e5 dxe5 13.fxe5 Nd7 14.Bf4 b4 15.Nd5 Qc8
16.Nxe7 Nxe7 17.Rf2 O-O 18.Nd4 Ng6 19.Bg3 Bxf3 20.Nxf3 Qc5 21.Rf1 h6 22.Kh1 a5
23.Rd1 Nb6 24.Ne1 Nd5 25.Nd3 Qc4 26.b3 Qc6 27.Re1 Rac8 28.Qg4 Qb6 29.Rfe2 Rc3
30.Nb2 Qc7 31.Nc4 Nb6 32.Nxb6 Qxb6 33.Qe4 Qc6 34.Qxc6 Rxc6 35.Rc1 Rfc8 36.Kg1 Ne7
37.Bf2 Nd5 38.Bd4 Kf8 39.g3 Ke8 40.Rf2 R8c7 41.Kf1 Nc3 42.Bxc3 Rxc3 43.Re2 Rd7
44.Ke1 h5 45.Rd1 Rxd1+ 46.Kxd1 h4 47.gxh4 Rh3 48.Kd2 Rxh4 49.c3 bxc3+ 50.Kxc3 Ke7
51.a3 f6 52.exf6+ gxf6 53.Kd3 Kd6 54.Re4 Rh3+ 55.Kc4 e5 56.Re2 f5 57.Rd2+ Ke6
58.Rb2 f4 59.b4 Rxa3 60.b5 Rh3 61.b6 Rh8 62.h4 Kf5 63.h5 Rxh5 64.b7 Rh8 65.b8=Q Rxb8
66.Rxb8 Ke4 67.Rb1 f3 68.Re1+ Kf4 69.Kd5 f2 70.Rf1 Ke3 71.Kxe5  1/2-1/2

[Event "Esbjerg-B"]
[Site "Esbjerg"]
[Date "1988.??.??"]
[Round "8"]
[White "Hansen, Mads Smith"]
[Black "Jasnikowski, Zbigniew"]
[Result "0-1"]
[WhiteElo "2245"]
[BlackElo "2425"]

1.e4 c5 2.Nf3 e6 3.d4 cxd4 4.Nxd4 a6 5.Nc3 d6 6.Be2 Nf6 7.O-O Be7 8.f4 Qc7
9.Qe1 O-O 10.Qg3 Nc6 11.Be3 Bd7 12.Kh1 b5 13.a3 Nxd4 14.Bxd4 Bc6 15.Rae1 g6
16.Bf3 Rad8 17.e5 dxe5 18.Bxe5 Qb7 19.Qh3 Rd7 20.Bxc6 Qxc6 21.Rf3 h5 22.Rd3 Ng4
23.Rf1 Rfd8 24.Rxd7 Rxd7 25.Qf3 Qxf3 26.gxf3 Nxe5 27.fxe5 Rd2 28.Rd1 Rxc2
29.Ne4 h4 30.h3 Rxb2 31.Rd7 Kf8 32.Ra7 Rb3 33.Rxa6 Rxf3 34.Ra8+ Kg7 35.Ra7 Rxh3+
36.Kg2 Re3 37.Nd6 Bxd6 38.exd6 Rd3 39.d7 g5  0-1

[Event "Esbjerg-B"]
[Site "Esbjerg"]
[Date "1988.??.??"]
[Round "9"]
[White "Hoiberg, Nina"]
[Black "Rodgaard, John"]
[Result "1/2-1/2"]
[WhiteElo "2235"]
[BlackElo "2380"]

1.e4 e6 2.Nf3 c5 3.d4 cxd4 4.Nxd4 a6 5.Nc3 Qc7 6.f4 d6 7.Be3 Nf6 8.a4 b6
9.Be2 Bb7 10.Bf3 Nc6 11.O-O Be7 12.Nxc6 Bxc6 13.e5 Nd7 14.Bxc6 Qxc6 15.exd6 Bxd6
16.Qf3 Rc8 17.Ne4 Be7 18.c3 O-O 19.Bd4 Bc5 20.Rfd1 h6 21.Qg3 Bxd4+ 22.Rxd4 Nc5
23.Nd6  1/2-1/2

[Event "Geneve"]
[Site "Geneve"]
[Date "1988.??.??"]
[Round "?"]
[White "Plaskett, Jim"]
[Black "Cvitan, Ognjen"]
[Result "1/2-1/2"]
[WhiteElo "2450"]
[BlackElo "2500"]

1.e4 c5 2.Nf3 e6 3.d4 cxd4 4.Nxd4 a6 5.Nc3 Qc7 6.g3 Bb4 7.Bd2 Nf6 8.Bg2 Nc6
9.Nxc6 dxc6 10.O-O O-O 11.Qe2 e5 12.Nd5 Nxd5 13.exd5 Bxd2 14.Qxd2 cxd5 15.Qxd5 Rd8
16.Qb3 Rb8 17.Rad1 Be6 18.Rxd8+  1/2-1/2

[Event "Bundesliga 8788"]
[Site "Germany"]
[Date "1988.??.??"]
[Round "?"]
[White "Cladouras, Panagiotis"]
[Black "Bischoff, Klaus"]
[Result "1/2-1/2"]
[WhiteElo "2365"]
[BlackElo "2460"]

1.e4 c5 2.Nf3 e6 3.d4 cxd4 4.Nxd4 a6 5.Nc3 Qc7 6.g3 Bb4 7.Ne2 Nf6 8.Bg2 Be7
9.a4 Nc6 10.O-O O-O 11.h3 Rd8 12.Nf4 d6 13.g4 Re8 14.g5 Nd7 15.h4 Bf8 16.Nce2 g6
17.Nd3 b6 18.f4 Nc5 19.Nf2 Bg7 20.Ng3 Bb7  1/2-1/2

[Event "BL2-S8788"]
[Site "Germany"]
[Date "1988.??.??"]
[Round "?"]
[White "Sick, Oliver"]
[Black "Werner, Marc"]
[Result "0-1"]
[WhiteElo "2315"]
[BlackElo "2295"]

1.e4 c5 2.Nf3 e6 3.Nc3 a6 4.d4 cxd4 5.Nxd4 Qc7 6.Be2 Nf6 7.O-O Bb4 8.Qd3 Nc6
9.Nxc6 bxc6 10.f4 d5 11.e5 Nd7 12.a3 Be7 13.Qg3 O-O 14.Bd2 Bb7 15.Kh1 c5
16.b3 f5 17.exf6 Rxf6 18.Bd3 Raf8 19.Qh4 g6 20.Qh3 e5 21.fxe5 Nxe5 22.Rxf6 Bxf6
23.Qg3 Qg7 24.Re1 h5 25.h4 Ng4 26.Rf1 Be5 27.Rxf8+ Qxf8 28.Qf3 Nf2+ 29.Kg1 Qxf3
30.gxf3 Nxd3 31.cxd3 Kf7 32.Kf2 Bd4+ 33.Kg3 Ke6 34.Ne2 Be5+ 35.Kf2 Bc6 36.b4 c4
37.dxc4 dxc4 38.Nc3 Bc7 39.Ke3 Ke5 40.a4 Bb6+ 41.Ke2 Bd8 42.b5 axb5 43.axb5 Bb7
44.Be1 Kf4 45.Bf2 Bxf3+ 46.Kd2 Kg4  0-1

[Event "Groningen op"]
[Site "Groningen"]
[Date "1988.??.??"]
[Round "?"]
[White "Ehrke, Anja"]
[Black "Velikov, Petar"]
[Result "0-1"]
[WhiteElo "2150"]
[BlackElo "2475"]

1.e4 c5 2.Nf3 e6 3.d4 cxd4 4.Nxd4 a6 5.Nc3 b5 6.Bd3 Ne7 7.a3 Nbc6 8.Be3 Nxd4
9.Bxd4 Nc6 10.Be3 Qc7 11.O-O Be7 12.f4 d6 13.Qh5 g6 14.Qh6 Bf8 15.Qh4 Qe7
16.Qg3 Bg7 17.f5 Ne5 18.Rae1 O-O 19.Bg5 f6 20.Bf4 Qf7 21.Nd1 Bb7 22.Nf2 Rad8
23.Ng4 Nxg4 24.Qxg4 gxf5 25.exf5 e5 26.Bd2 Kh8 27.Qh4 Rg8 28.Be4 Bxe4 29.Rxe4 Bf8
30.Rf3 d5 31.Rg4 Rxg4 32.Qxg4 e4 33.Rh3 Bc5+ 34.Kf1 Rg8 35.Qh4 Qe7 36.Ke2 Rxg2+  0-1

[Event "Groningen op"]
[Site "Groningen"]
[Date "1988.??.??"]
[Round "?"]
[White "Romero Holmes, Alfonso"]
[Black "Velikov, Petar"]
[Result "1/2-1/2"]
[WhiteElo "2425"]
[BlackElo "2475"]

1.e4 c5 2.Nf3 e6 3.d4 cxd4 4.Nxd4 a6 5.Nc3 Qc7 6.g3 Nf6 7.Bg2 Be7 8.O-O d6
9.Be3 Nc6 10.f4 O-O 11.Nxc6 bxc6 12.g4 Nd7 13.g5 Re8 14.Qh5 Bf8 15.Rf3 g6
16.Qh4 Rb8 17.Rh3 h6 18.Nd1 Bg7 19.gxh6 Bf6 20.Qf2 Kh7 21.Nc3 Bh8 22.e5 d5
23.Na4 f6 24.Bd4 Rf8 25.Nc5 Nb6 26.exf6 Bxf6 27.Bxf6 Rxf6 28.Rf3 Nd7 29.Qd4 Qd8
30.Nxe6 Qb6 31.Ng5+ Kxh6 32.Qxb6 Rxb6 33.b3 Nf8 34.Re1 Rb7 35.Re8 Bg4 36.Rf2 Rb4
37.Ra8 Rbxf4 38.Rxf4 Rxf4 39.Nh3 Rf6 40.Rxa6 Nd7 41.Nf2 Bf5 42.c3 Re6 43.Bf1 Re1
44.Rxc6 Ne5 45.Rd6 Nf3+ 46.Kg2 Nh4+ 47.Kg1 Nf3+ 48.Kg2 Nh4+  1/2-1/2

[Event "JUG-ch"]
[Site "?"]
[Date "1988.??.??"]
[Round "?"]
[White "Todorovic, Goran M"]
[Black "Abramovic, Bosko"]
[Result "1-0"]
[WhiteElo "2425"]
[BlackElo "2460"]

1.e4 c5 2.Nf3 e6 3.d4 cxd4 4.Nxd4 a6 5.Nc3 Qc7 6.Bd3 Nf6 7.f4 b5 8.e5 b4
9.Ne4 Nxe4 10.Bxe4 Bb7 11.Qf3 Ra7 12.Nb3 Bxe4 13.Qxe4 Qc6 14.Qxc6 Nxc6 15.Be3 Rb7
16.O-O-O f6 17.exf6 gxf6 18.f5 e5 19.g4 h5 20.g5 fxg5 21.Bxg5 h4 22.Kb1 Rh5
23.Rhg1 d6 24.f6 Kf7 25.h3 Ke6 26.Rg4 Rbh7 27.Be3 Rf5 28.Rc4 Nd8 29.Rc8 Rd7
30.Bb6 Rxf6 31.Bxd8 Rf3 32.Bxh4 Rdf7 33.c3 bxc3 34.Rxc3 Rxc3 35.bxc3 Rh7
36.Rf1 Bg7 37.Rg1 Rxh4 38.Rxg7 Rxh3 39.c4 Rc3 40.Rg6+ Kf5 41.Rxd6 Rxc4 42.Rxa6 e4
43.Rc6 Ra4 44.Rc2 e3 45.Kb2 Ra8 46.a3 Ke4 47.Re2 Kd3 48.Nc1+ Ke4 49.a4 Rb8+
50.Ka3 Kd4 51.a5 Rf8 52.Rc2 Rf2 53.Kb3 Rf8 54.Rc4+ Kd5 55.Ne2 Rb8+ 56.Rb4 Rf8
57.Nc3+ Ke5 58.Rc4 Kd6 59.Re4 Rf3 60.Kb4 Kc6 61.Nd1 e2 62.Re6+ Kb7 63.Nc3 Rf4+
64.Kc5 Rf5+ 65.Nd5 Rf2 66.a6+  1-0

[Event "Kecskemet"]
[Site "Kecskemet"]
[Date "1988.??.??"]
[Round "?"]
[White "Tolnai, Tibor"]
[Black "Bischoff, Klaus"]
[Result "0-1"]
[WhiteElo "2485"]
[BlackElo "2510"]

1.e4 c5 2.Nf3 e6 3.d4 cxd4 4.Nxd4 a6 5.Nc3 Qc7 6.f4 b5 7.Qf3 Bb7 8.Bd3 d6
9.Be3 Nd7 10.O-O-O Ngf6 11.g4 b4 12.Nce2 Nc5 13.Ng3 Nxd3+ 14.Rxd3 Rc8 15.Rd2 g6
16.f5 gxf5 17.Ndxf5 exf5 18.Qxf5 Nd7 19.Bd4 Rg8 20.Rf1 Qc4 21.Rdf2 Rg6 22.e5 Bd5
23.exd6 Bh6+  0-1

[Event "Kecskemet"]
[Site "Kecskemet"]
[Date "1988.??.??"]
[Round "?"]
[White "Watson, William N"]
[Black "Bischoff, Klaus"]
[Result "1/2-1/2"]
[WhiteElo "2500"]
[BlackElo "2510"]

1.e4 c5 2.Nf3 e6 3.d4 cxd4 4.Nxd4 a6 5.Nc3 Qc7 6.Bd3 Nf6 7.O-O Nc6 8.Nxc6 dxc6
9.f4 e5 10.Kh1 Bd6 11.f5 Be7 12.a4 b6 13.Qf3 h5 14.b3 h4 15.Be3 Bb7 16.Ne2 Nd7  1/2-1/2

[Event "Kecskemet op"]
[Site "Kecskemet"]
[Date "1988.??.??"]
[Round "?"]
[White "Kaminski, Uwe"]
[Black "Pekarek, Ales"]
[Result "0-1"]
[WhiteElo "2330"]
[BlackElo "2440"]

1.e4 c5 2.Nf3 e6 3.d4 cxd4 4.Nxd4 a6 5.Nc3 Nc6 6.g3 Nge7 7.Nb3 d6 8.Bg5 Qc7
9.Qh5 Bd7 10.O-O-O Ng6 11.Be3 Be7 12.f4 O-O 13.f5 Nge5 14.g4 b5 15.Rg1 Rfc8
16.Rg3 Nb4 17.Rd2 Nxc2 18.Rxc2 b4 19.Rh3 h6 20.Nd4 bxc3 21.b3 Qd8 22.Kb1 a5
23.Nf3 Nxf3 24.Bxh6 gxh6 25.Qxh6 Bf6 26.Qh7+ Kf8 27.Rxf3 exf5 28.exf5 Qe7
29.Be2 Qe5 30.h4 a4 31.b4 Qd4 32.g5 Qxb4+ 33.Ka1 Qb2+  0-1

[Event "Lugano op"]
[Site "Lugano"]
[Date "1988.??.??"]
[Round "?"]
[White "De la Villa Garcia, Jesus Maria"]
[Black "Milosevic, Goran"]
[Result "1-0"]
[WhiteElo "2435"]
[BlackElo "2325"]

1.e4 c5 2.Nc3 e6 3.Nf3 a6 4.d4 cxd4 5.Nxd4 Qc7 6.g3 Nf6 7.Bg2 d6 8.O-O Be7
9.Be3 O-O 10.g4 Nc6 11.g5 Nd7 12.f4 Nxd4 13.Bxd4 b5 14.f5 Bxg5 15.fxe6 fxe6
16.Qg4 Qc4 17.Bxg7 Qc5+ 18.Kh1 Kxg7 19.e5 Rxf1+ 20.Rxf1 Qxe5 21.Bxa8 Nf6
22.Qg2 Kh6 23.Ne4 d5 24.Qh3+ Nh5 25.Ng3 Be7 26.Qxh5+ Qxh5 27.Nxh5 Kxh5 28.Rf7 Bd6
29.Rxh7+  1-0

[Event "Mendrisio op"]
[Site "Mendrisio"]
[Date "1988.??.??"]
[Round "6"]
[White "Valenti, Giuseppe"]
[Black "Cvitan, Ognjen"]
[Result "0-1"]
[WhiteElo "2240"]
[BlackElo "2500"]

1.e4 c5 2.Nf3 e6 3.d4 cxd4 4.Nxd4 a6 5.Nc3 Qc7 6.Be2 b5 7.O-O Bb7 8.Bf3 Nc6
9.Nxc6 dxc6 10.Re1 Bd6 11.h3 Nf6 12.Qe2 Nd7 13.g3 O-O 14.a4 Be5 15.Bg2 Nb6
16.axb5 cxb5 17.Nd1 b4 18.f4 Bd4+ 19.Be3 Rfd8 20.Qf2 Bxe3 21.Nxe3 a5 22.b3 a4
23.bxa4 Nxa4 24.f5 Nc3 25.Rxa8 Bxa8 26.Ng4 h5 27.Nh2 Nd1 28.Qe2 Qc5+ 29.Kf1 Bc6
30.Rxd1 Rxd1+ 31.Qxd1 Bb5+  0-1

[Event "Mendrisio op"]
[Site "Mendrisio"]
[Date "1988.??.??"]
[Round "8"]
[White "Trabattoni, Franco"]
[Black "Milosevic, Goran"]
[Result "1/2-1/2"]
[WhiteElo "2290"]
[BlackElo "2350"]

1.e4 c5 2.Nf3 e6 3.d4 cxd4 4.Nxd4 a6 5.Nc3 Qc7 6.g3 Nf6 7.Bg2 d6 8.O-O Be7
9.Re1 O-O 10.Be3 Nc6 11.Nxc6 bxc6 12.Na4 Rb8 13.c4 c5 14.b3 Nd7 15.f4 Bf6
16.Rc1 Bb7 17.Qe2 Rbd8 18.Rcd1 Bc6 19.e5 Be7 20.exd6 Bxd6 21.Bxc6 Qxc6 22.Qg2 Qc7
23.Qf2 Be7 24.Qf3 Nf6 25.Bf2 h5 26.h3 Rfe8 27.Qe3 Qa5 28.Qc3 Qc7 29.Qe3 Rxd1
30.Rxd1 Rc8 31.Rd3 Qc6 32.Qf3 Qc7 33.Qe3 Qb7 34.Qf3 Qb4 35.Kg2 Qb8 36.Nc3 g6
37.Ne4 Ne8 38.g4 Ng7 39.Ng3 Rd8 40.Rxd8+ Qxd8 41.Ne4 Qc8 42.Ng3 hxg4 43.hxg4 Kh7
44.Be1 f5 45.Bc3 Qd7 46.Qe3 Bd6 47.g5 Bf8 48.Bb2 Kg8 49.Qc3 Ne8 50.Qe3 Kf7
51.Ne2 Qd1 52.Ba3 Qc2 53.Kf3 Qxa2 54.Bxc5 Bxc5 55.Qxc5 Qxb3+ 56.Kf2 Qb7 57.Qd4 a5
58.Nc1 a4 59.Nd3 a3 60.Ne5+ Kg7 61.Qd8 Qb2+  1/2-1/2

[Event "Montpellier"]
[Site "Montpellier"]
[Date "1988.??.??"]
[Round "3"]
[White "Gachon, Lionel"]
[Black "Vaisman, Volodia"]
[Result "0-1"]
[WhiteElo "2305"]
[BlackElo "2395"]

1.e4 c5 2.Nf3 e6 3.d4 cxd4 4.Nxd4 a6 5.Nc3 d6 6.g3 Bd7 7.a4 Nc6 8.Nb3 Na5
9.Nxa5 Qxa5 10.Bg2 Rc8 11.O-O Qc7 12.Be3 Nf6 13.a5 Be7 14.Bb6 Qb8 15.Re1 O-O
16.Qd2 Rfe8 17.Rad1 Bc6 18.Bd4 Nd7 19.Bh3 Qc7 20.b4 Ne5 21.Qe3 Bf8 22.f4 Nd7
23.Qf2 Rb8 24.f5 e5 25.Bb6 Nxb6 26.axb6 Qe7 27.Nd5 Bxd5 28.Rxd5 Qf6 29.c4 Rbc8
30.Rc1 Qh6  0-1

[Event "URS-ch sf"]
[Site "Moscow"]
[Date "1988.??.??"]
[Round "8"]
[White "Janovsky, Sergey"]
[Black "Arbakov, Valentin"]
[Result "0-1"]
[WhiteElo "2400"]
[BlackElo "2400"]

1.e4 c5 2.Nf3 e6 3.d4 cxd4 4.Nxd4 a6 5.Nc3 Qc7 6.Bd3 Nf6 7.Qe2 d6 8.Bg5 Be7
9.O-O Nbd7 10.Kh1 b5 11.a3 Bb7 12.f4 h6 13.Bh4 g5 14.Bg3 gxf4 15.Bh4 Rg8
16.Rad1 Rg4 17.Be1 Ne5 18.h3 Rg5 19.Rxf4 Nxd3 20.Rxd3 e5 21.Rxf6 exd4 22.Nd5 Bxd5
23.Rxh6 Bc4 24.Rh8+ Bf8 25.Qd2 Rg6 26.Rf3 O-O-O  0-1

[Event "Naleczow (Women)"]
[Site "Naleczow"]
[Date "1988.??.??"]
[Round "9"]
[White "Ghinda, Eugenia"]
[Black "Jahn, Constanze"]
[Result "1-0"]
[WhiteElo "2225"]
[BlackElo "2210"]

1.e4 c5 2.Nf3 e6 3.Nc3 a6 4.d4 cxd4 5.Nxd4 Qc7 6.Bd3 Nf6 7.O-O Nc6 8.Nxc6 bxc6
9.Qe2 d5 10.e5 Nd7 11.f4 Nc5 12.b3 Nxd3 13.cxd3 Be7 14.Bb2 O-O 15.Rac1 Qa7+
16.Kh1 Bd7 17.Rc2 Rfc8 18.Nd1 Bc5 19.Qh5 Bd4 20.Bxd4 Qxd4 21.Qf3 a5 22.Nc3 Qb4
23.Qf2 c5 24.f5 Qd4 25.fxe6 Qxf2 26.Rfxf2 fxe6 27.Rf4 Rf8 28.Rcf2 Rxf4 29.Rxf4 Be8
30.Kg1 Bg6 31.Na4 Rc8 32.Rf3 Rc6 33.Kf2 Bf5 34.Ke3 g5 35.Kd2 g4 36.Rf1 Bg6
37.Rc1 c4 38.dxc4 Be4 39.g3 Kf7 40.Nc3 Bf3 41.Nb5 Rc5 42.Nd6+ Kg6 43.Ke3 dxc4
44.Nxc4 Rd5 45.Rc3 Kf5 46.Rd3 Rc5 47.Rd4 Bc6 48.Rd8 a4 49.Kd4 axb3 50.Kxc5  1-0

[Event "SWE-ch"]
[Site "Norrkoeping"]
[Date "1988.??.??"]
[Round "?"]
[White "Schneider, Lars Ake"]
[Black "Akesson, Ralf"]
[Result "1-0"]
[WhiteElo "2465"]
[BlackElo "2445"]

1.e4 c5 2.Nf3 e6 3.d4 cxd4 4.Nxd4 a6 5.Nc3 d6 6.f4 b5 7.Be2 Bb7 8.Bf3 Nd7
9.O-O Rc8 10.e5 Bxf3 11.Nxf3 Nh6 12.Kh1 d5 13.Ng5 g6 14.f5 Nxf5 15.Rxf5 exf5
16.Qxd5 Qe7 17.Qb7 Rb8 18.Qxa6 Bg7 19.e6 fxe6 20.Nxe6 Rb6 21.Qc8+ Kf7 22.Ng5+ Qxg5
23.Qxd7+ Qe7 24.Qxe7+ Kxe7 25.Nd5+ Kd6 26.Nxb6 Bd4 27.Bf4+ Kc6 28.Nd7  1-0

[Event "Novi Sad op"]
[Site "Novi Sad"]
[Date "1988.??.??"]
[Round "10"]
[White "Kovacevic, Predrag"]
[Black "Eingorn, Vereslav S"]
[Result "1/2-1/2"]
[WhiteElo "2390"]
[BlackElo "2570"]

1.e4 e6 2.Nc3 c5 3.Nf3 a6 4.d4 cxd4 5.Nxd4 Qc7 6.g3 Nf6 7.Bg2 Be7 8.O-O d6
9.Be3 Bd7 10.a4 Nc6 11.Nxc6 Bxc6 12.a5 O-O 13.Re1 Nd7 14.Na4 Rae8 15.Nb6 f5
16.Nxd7 Qxd7 17.Qd3 Rc8 18.c4 fxe4 19.Bxe4 Bxe4 20.Qxe4 Bf6 21.Rad1 Bxb2
22.Bf4 e5 23.Bxe5 Bxe5 24.Qxe5 dxe5 25.Rxd7 Rf7 26.Rd5 Rxc4 27.Rexe5 Rc1+
28.Kg2 Rc2 29.Rf5 Rxf5 30.Rxf5 Rb2 31.Kf3 h6 32.h4 b5 33.axb6 Rxb6 34.Ra5 Kf7
35.g4 Ke7 36.h5 Kd7 37.g5 Ke7 38.Kg4 hxg5 39.Rxg5 Kf7 40.Ra5  1/2-1/2